000 00954nam a2200253Ia 4500
003 OSt
005 20221005105723.0
006 a|||||r|||| 00| 0
007 ta
008 221004b |||||||| |||| 00| 0 hin d
020 _a978818997458 (hbk)
_c350
024 _a100273
037 _b377, 04/03/2010, Swaraj Prakashan
_cTextual
040 _aCRL
_cCRL
_bhin
041 _2hin
_ahin
082 _aO152,1N01:g, P9
100 _aसुधीर प्रताप सिंह
245 0 _aपंत काव्य
_b मूल्यांकन की समस्या
246 _aPanta kāvya: mūlyāankan kī samasyā
260 _aनई दिल्ली
_bश्री नटराज प्रकाशन भारत
_c2009
300 _a224पृ0
_ccm.
942 _hO152,1N01:g, P9
_cTEXL
_2cc
999 _c1016699
_d1016699